[Event "Bois Gentil op"]
[Site "Geneve"]
[Date "2016.01.22"]
[Round "2"]
[White "Haensler, Andreas"]
[Black "Lesquereux, Nicolas"]
[Result "0-1"]
[WhiteElo "1455"]
[BlackElo "1677"]
[PlyCount "60"]
[EventDate "2016.01.15"]
[EventType "swiss"]
[EventRounds "7"]
[EventCountry "SUI"]
[SourceTitle "EXT 2017"]
[Source "ChessBase"]
[SourceDate "2016.10.25"]
[SourceVersion "1"]
[SourceVersionDate "2016.10.25"]
[SourceQuality "1"]

1. e4 e5 2. Nf3 Nc6 3. Bc4 h6 4. 0-0 Nf6 5. d4 exd4 6. c3 dxc3 7. e5 Nh7 8. Nxc3 Be7 9. Bf4 0-0 10. Nd5 Na5 11. Bd3 d6 12. Bxh7+ Kxh7 13. Qc2+ Kh8 14. Qc3 Nc6 15. Bxh6 dxe5 16. Nxe5 Nxe5 17. Qxe5 f6 18. Bxg7+ Kxg7 19. Qg3+ Kf7 20. Rad1 Bd6 21. Qb3 Be6 22. Qf3 Kg7 23. Nf4 Qe8 24. Qg3+ Kh7 25. Qh4+ Kg8 26. Nh5 Qg6 27. Rd4 Kf7 28. Re1 Rh8 29. Qe4 Qxe4 30. Rdxe4 Bd5 0-1

[Event "Geneve op 27th"]
[Site "Geneve"]
[Date "2013.03.08"]
[Round "7"]
[White "Charreau, Thomas"]
[Black "Lesquereux, Nicolas"]
[Result "0-1"]
[WhiteElo "1436"]
[BlackElo "1698"]
[PlyCount "80"]
[EventDate "2013.01.18"]
[EventType "swiss"]
[EventRounds "7"]
[EventCountry "SUI"]
[SourceTitle "EXT 2014"]
[Source "ChessBase"]
[SourceDate "2013.11.20"]
[SourceVersion "1"]
[SourceVersionDate "2013.11.20"]
[SourceQuality "1"]

1. d4 f5 2. g3 Nf6 3. Bg2 d5 4. Nf3 e6 5. 0-0 Be7 6. c4 c6 7. b3 0-0 8. Bb2 Qe8 9. c5 Ne4 10. Nc3 Nd7 11. a4 Bf6 12. b4 e5 13. e3 Ng5 14. Nxg5 Bxg5 15. f4 exd4 16. exd4 Bd8 17. Re1 Qg6 18. Qb3 Nf6 19. b5 Ba5 20. Re2 Re8 21. Rae1 Bd7 22. Re7 Rad8 23. R1e5 Kf8 24. Rxe8+ Rxe8 25. Nxd5 Nxd5 26. Bxd5 cxd5 27. Qxd5 Rxe5 28. dxe5 Bc8 29. c6 Bb6+ 30. Kg2 Qe6 31. Qd6+ Kf7 32. Kf1 bxc6 33. bxc6 Ba6+ 34. Kg2 g6 35. Qxe6+ Kxe6 36. Ba3 Kd5 37. Bb4 Kxc6 38. Kh3 Bc5 39. Bc3 Bf1+ 40. Kh4 Be7# 0-1

[Event "Geneve op 27th"]
[Site "Geneve"]
[Date "2013.03.01"]
[Round "6"]
[White "Lesquereux, Nicolas"]
[Black "Keysener, Philippe"]
[Result "0-1"]
[WhiteElo "1698"]
[BlackElo "1712"]
[PlyCount "80"]
[EventDate "2013.01.18"]
[EventType "swiss"]
[EventRounds "7"]
[EventCountry "SUI"]
[SourceTitle "EXT 2014"]
[Source "ChessBase"]
[SourceDate "2013.11.20"]
[SourceVersion "1"]
[SourceVersionDate "2013.11.20"]
[SourceQuality "1"]

1. e4 c5 2. f4 e6 3. Nf3 Nc6 4. Bb5 a6 5. Bxc6 bxc6 6. 0-0 d6 7. d4 cxd4 8. Qxd4 Nf6 9. Nc3 c5 10. Qf2 Bb7 11. Qg3 Nxe4 12. Nxe4 Bxe4 13. Re1 Bxf3 14. Qxf3 Rb8 15. f5 e5 16. Qg4 Qd7 17. b3 Rb4 18. c4 g6 19. Qf3 Qb7 20. Qd3 gxf5 21. Qxf5 Qd7 22. Qh5 Qe6 23. Ba3 Rb8 24. Bxc5 Qg6 25. Rxe5+ Kd7 26. Rd1 Qxh5 27. Rxh5 Kc6 28. Bd4 Rg8 29. Rxh7 Rb7 30. Re1 Rd7 31. Bf6 Rg6 32. Bh4 Bg7 33. Rh5 Bd4+ 34. Bf2 Be5 35. Rh4 f6 36. Rb1 Rdg7 37. g3 f5 38. Kg2 f4 39. Rh3 Rf7 40. Kf3 fxg3+ 0-1